Bundesliga Rekordspieler Top 50 - Statistiken

Allgemein
  • Dieses Quiz wurde 87 mal gespielt
  • Das Durchschnittsergebnis liegt bei 21 aus 53
Antwortstatistiken
Platz Nation Spiele Position von-bis Tore Verein % Korrekt
41 Deutschland 427 Sturm 1965-1979 365 FC Bayern München 427 Gerd Müller
98%
12 Deutschland 503 Sturm 2008-2025 150 FC Bayern München 503 Thomas Müller
98%
3 Deutschland 557 Tor 1987-2008 0 FC Bayern München 429KSC 128 Oliver Kahn
97%
8 Deutschland 523 Tor 2006-2025 0 FC Bayern München 367FC Schalke 04 156 Manuel Neuer
92%
16 Peru 490 Sturm 1999-2020 197 Werder Bremen 250FC Bayern München 224 1. FC Köln 16 Claudio Pizarro
83%
33 Deutschland 442 Abwehr 2007-2024 33 Borussia Dortmund 367FC Bayern München 75 Mats Hummels
74%
17 Deutschland 489 Tor 2010-2025 0 TSG 1899 Hoffenheim 358SC Freiburg 131 Oliver Baumann
74%
20 Deutschland 473 Tor 1965-1979 0 FC Bayern München 473 Sepp Maier
67%
1 Deutschland 602 Abwehr 1972-1991 45 Eintracht Frankfurt 602 Karl Heinz Körbel
62%
23 Deutschland 464 Mittelfeld 1979-2000 121 FC Bayern München 302Bor. Mönchengladbach 162 Lothar Matthäus
62%
44 Deutschland 424 Abwehr 1965-1982 44 FC Bayern München 396HSV 28 Franz Beckenbauer
61%
2 Deutschland 581 Abwehr 1971-1991 76 HSV 581 Manfred Kaltz
61%
42 Deutschland 426 Tor 1995-2011 1 HSV 149Werder Bremen 147 FC Schalke 04 130 Frank Rost
55%
6 Deutschland 535 Sturm 1968-1988 268 FC Schalke 04 2951. FC Köln 96 VfL Bochum 84 TSV 1860 München 60 Klaus Fischer
55%
25 Deutschland 463 Mittelfeld 1981-1998 131 Borussia Dortmund 463 Michael Zorc
52%
23 Deutschland 464 Tor 1973-1996 0 1. FC Köln 422Schalke 04 33 FC Bayern München 8 Borussia Dortmund 1 Toni Schumacher
48%
44 Deutschland 424 Sturm 1975-1993 177 1. FC Köln 177Fortuna Düsseldorf 169 Werder Bremen 78 Klaus Allofs
45%
21 Deutschland 471 Tor 1984-2002 1 Werder Bremen 345FC Schalke 04 112 Kickers Offenbach 14 Oliver Reck
45%
40 Deutschland 429 Mittelfeld 1986-2004 110 Borussia Dortmund 228Eintracht Frankfurt 115 FC Schalke 04 86 Andreas Möller
44%
47 Deutschland 421 Mittelfeld 2005-2022 38 Bayer Leverkusen 286Borussia Dortmund 72 VfB Stuttgart 51 Arminia Bielefeld 12 Gonzalo Castro
42%
32 Deutschland 443 Mittelfeld 1984-2002 82 FC Schalke 04 295FC Bayern München 148 Olaf Thon
41%
22 Deutschland 469 Abwehr 1989-2008 28 Borussia Dortmund 240Bayer Leverkusen 211 Waldhof Mannheim 18 Christian Wörns
39%
28 Deutschland 453 Tor 1987-2005 0 HSV 273SC Freiburg 180 Richard Golz
39%
31 Deutschland 447 Mittelfeld 1969-1990 213 Borussia Dortmund 224Werder Bremen 115 RW Essen 74 1. FC Nürnberg 34 Manfred Burgsmüller
38%
30 Deutschland 449 Sturm 1983-1999 179 1. FC Kaiserslautern 170VfL Bochum 120 Bayer 05 Uerdingen 94 Arminia Bielefeld 65
Stefan Kuntz
35%
11 Deutschland 512 Tor 1978-1997 0 HSV 228Eintracht Frankfurt 224 Arminia Bielefeld 60 Uli Stein
35%
39 Deutschland 430 Mittelfeld 2005-2021 46 VfB Stuttgart 278VfL Wolfsburg 99 Union Berlin 53 Christian Gentner
33%
4 Deutschland 552 Abwehr 1965-1988 14 FC Schalke 04 477Werder Bremen 75 Klaus Fichtel
33%
7 Deutschland 534 Tor 1978-1995 0 VfB Stuttgart 287Borussia Dortmund 247 Eike Immel
32%
48 Deutschland 420 Sturm 1967-1981 160 Eintracht Frankfurt 420 Bernd Hölzenbein
30%
51 Deutschland 419 Abwehr 1965-1979 33 Bor. Mönchengladbach 419 Berti Vogts
30%
34 Deutschland 441 Mittelfeld 1965-1980 109 Eintracht Frankfurt 441 Jürgen Grabowski
29%
5 Deutschland 546 Mittelfeld 1976-1996 43 Werder Bremen 357Borussia Dortmund 189 Mirko Votava
29%
13 Deutschland 502 Abwehr 1985-2004 25 Borussia Dortmund 3071. FC Nürnberg 100 FC Bayern München 95 Stefan Reuter
29%
27 Deutschland 456 Tor 1966-1982 0 FC Schalke 04 355Hertha BSC 101 Norbert Nigbur
27%
14 Deutschland 495 Abwehr 1970-1986 77 MSV Duisburg 394FC Schalke 04 101 Bernard Dietz
24%
19 Deutschland 478 Tor 1970-1988 1 Werder Bremen 444Arminia Bielefeld 31 FC Schalke 04 3 Dieter Burdenski
24%
42 Deutschland 426 Mittelfeld 1968-1983 141 Eintracht Frankfurt 426 Bernd Nickel
18%
10 Deutschland 518 Abwehr 1972-1988 38 VfL Bochum 518 Michael Lameck
18%
34 Deutschland 441 Mittelfeld 1968-1984 49 1. FC Kaiserslautern 215MSV Duisburg 120
Hertha BSC 52
Arminia Bielefeld 45 Kickers Offenbach 9
Johannes Riedl
14%
28 Deutschland 453 Abwehr 1969-1985 48 FC Schalke 04 304Borussia Dortmund 149 Rolf Rüssmann
14%
46 Deutschland 422 Sturm 1965-1981 72 Borussia Dortmund 230Kickers Offenbach 133 Bayer 05 Uerdingen 59 Siegfried Held
14%
15 Deutschland 493 Abwehr 1972-1989 45 Hamburger SV 323MSV Duisburg 68 Tennis Borussia Berlin 63 RW Oberhausen 39 Ditmar Jakobs
12%
48 Deutschland 420 Abwehr 1964-1978 55 Werder Bremen 420 Horst Dieter Höttges
12%
9 Deutschland 520 Abwehr 1966-1983 63 Eintracht Frankfurt 267Borussia Dortmund 148 Werder Bremen 63 Wuppertaler SV 42 Willi Neuberger
12%
38 Deutschland 433 Tor 1968-1986 0 Bor. Mönchengladbach 321Fortuna Düsseldorf 59 Hertha BSC 33 VfL Bochum 20 Wolfgang Kleff
12%
26 Deutschland 457 Abwehr 1971-1988 25 VfL Bochum 306Borussia Dortmund 87 RW Oberhausen 64 Franz Josef Tenhagen
11%
36 Deutschland 440 Abwehr 1972-1987 42 Fortuna Düsseldorf 440 Gerd Zewe
11%
51 Deutschland 419 Abwehr 1968-1983 23 Eintracht Braunschweig 419 Franz Merkhoffer
9%
48 Deutschland 420 Abwehr 1977-1992 30 VfL Bochum 385MSV Duisburg 35 Lothar Woelk
9%
37 Deutschland 436 Abwehr 1983-1999 37 Bor. Mönchengladbach 213VfB Stuttgart 163 SC Freiburg 32 VfL Bochum 28 Michael Frontzeck
9%
18 Deutschland 485 Sturm 1971-1986 113 1. FC Kaiserslautern 290Fortuna Düsseldorf 195 Rainer Geye
9%
51 Deutschland 419 Mittelfeld 1964-1978 55 1. FC Köln 357RW Essen 33 Borussia Neunkirchen 29 Heinz Simmet
8%
Keine übereinstimmenden Quizze gefunden
Verteilung der Resultate
Anzahl Personen mit jedem Resultat
Perzentil nach korrekt beantworteten Fragen
Ihre Resultats-Entwicklung
Sie haben dieses Quiz noch nicht gespielt